Uski panchvati / (Record no. 145316)

MARC details
000 -LEADER
fixed length control field 00729nam a22002177a 4500
005 - DATE AND TIME OF LATEST TRANSACTION
control field 20250409151725.0
010 ## - LCCN (DPL NO)
LC control number ENG-144598 1718EN-30 B-682332-342
020 ## - INTERNATIONAL STANDARD BOOK NUMBER
International Standard Book Number 9789386473035
Terms of availability 250.00
035 ## - SYSTEM CONTROL NUMBER
System control number B-682332-342
035 ## - SYSTEM CONTROL NUMBER
System control number EN-128130
037 ## - SOURCE OF ACQUISITION
Source of stock number/acquisition Pragati
Stock number dpl
037 ## - SOURCE OF ACQUISITION
Source of stock number/acquisition DBAD
082 ## - DEWEY DECIMAL CLASSIFICATION NUMBER
Classification number N
100 ## - MAIN ENTRY--PERSONAL NAME
Personal name Ansal, Kusum
245 ## - TITLE STATEMENT
Title Uski panchvati /
Statement of responsibility, etc by Kusum Ansal
260 ## - PUBLICATION, DISTRIBUTION, ETC. (IMPRINT)
Place of publication, distribution, etc New Delhi
Name of publisher, distributor, etc Vitastaa Pub.
Date of publication, distribution, etc 2017
270 ## - ADDRESS
Address 2/15, Ansari Road, Daryaganj,
City New Delhi
Postal code 110002
300 ## - PHYSICAL DESCRIPTION
Extent 185p.
Dimensions 19cm(pbk)
942 ## - ADDED ENTRY ELEMENTS (KOHA)
Source of classification or shelving scheme Dewey Decimal Classification
Item type English Books
Call number suffix ANS
Classification part N
Holdings
Withdrawn status Lost status Not for loan Collection code Home library Current library Date acquired Source of acquisition Cost, normal purchase price Full call number Barcode Copy number Cost, replacement price Koha item type
      Non-fiction Ashok Vihar Ashok Vihar 23/05/2018 Pragati/142/27.11.2017/672/20.11.2017/28.11.2017 250.00 N ANS B-682338 1 250.00 English Books
      Non-fiction Bawana Bawana 23/05/2018 Pragati/142/27.11.2017/672/20.11.2017/28.11.2017 250.00 N ANS B-682341 1 250.00 English Books
      Non-fiction Central Library Central Library 23/05/2018 Pragati/142/27.11.2017/672/20.11.2017/28.11.2017 250.00 N ANS B-682332 1 250.00 English Books
      Non-fiction Janak Puri Janak Puri 23/05/2018 Pragati/142/27.11.2017/672/20.11.2017/28.11.2017 250.00 N ANS B-682340 1 250.00 English Books
      Non-fiction Mobile Library Mobile Library 23/05/2018 Pragati/142/27.11.2017/672/20.11.2017/28.11.2017 250.00 N ANS B-682333 4 250.00 English Books
      Non-fiction Mobile Library Mobile Library 23/05/2018 Pragati/142/27.11.2017/672/20.11.2017/28.11.2017 250.00 N ANS B-682334 4 250.00 English Books
      Non-fiction Mobile Library Mobile Library 23/05/2018 Pragati/142/27.11.2017/672/20.11.2017/28.11.2017 250.00 N ANS B-682335 4 250.00 English Books
      Non-fiction Mobile Library Mobile Library 23/05/2018 Pragati/142/27.11.2017/672/20.11.2017/28.11.2017 250.00 N ANS B-682336 4 250.00 English Books
      Non-fiction New Police Line New Police Line 23/05/2018 Pragati/142/27.11.2017/672/20.11.2017/28.11.2017 250.00 N ANS B-682337 1 250.00 English Books
      Non-fiction Patel Nagar Patel Nagar 23/05/2018 Pragati/142/27.11.2017/672/20.11.2017/28.11.2017 250.00 N ANS B-682339 1 250.00 English Books
      Fiction Patel Nagar Patel Nagar 09/04/2025 Delivery of Books Act Division 250.00 ANS N EN-128130 1 250.00 English Books
      Non-fiction Shahdara Branch Shahdara Branch 23/05/2018 Pragati/142/27.11.2017/672/20.11.2017/28.11.2017 250.00 N ANS B-682342 1 250.00 English Books

© Delhi Public Library
Hit Counter
free hit counter